000 00587nam a2200217Ia 4500
005 20241129110241.0
008 241129s9999||||xx |||||||||||||| ||und||
020 _a978-93-83282-29-6
037 _aTB
040 _aARTS
_beng
_cARTS
041 _aeng
_2urd
084 _aO168,6x Q5
_qARTS
100 _aHabeeb Jawed Au.
_9194007
245 0 _aBe bas rastey
_cHabeeb Jawed Au.
260 _aNew Delhi, India
_bNew M R Publications
_c2014
300 _a92p.
365 _aINR
_b100
650 _aUrdu Prose
_926866
942 _cTB
_hO168,6x Q5
999 _c1227889
_d1227889